[Event "Pan American Intercollegiate-chT"]
[Site "McAllen"]
[Date "2024.01.04"]
[Round "1.7"]
[White "Lee, Gordon S Arai"]
[Black "Kevlishvili, Robby"]
[Result "0-1"]
[WhiteElo "1805"]
[BlackElo "2531"]
[PlyCount "68"]
[EventDate "2024.01.04"]
[EventType "team-swiss"]
[EventRounds "6"]
[EventCountry "USA"]
[SourceTitle "CBM 218 Extra"]
[Source "ChessBase"]
[SourceDate "2024.03.31"]
[SourceVersion "1"]
[SourceVersionDate "2024.03.31"]
[SourceQuality "1"]
[WhiteTeam "Durham Duke Univ"]
[BlackTeam "Saint Louis Univ"]
[WhiteTeamCountry "USA"]
[BlackTeamCountry "USA"]

1. e4 c5 2. Nf3 d6 3. d4 cxd4 4. Nxd4 Nf6 5. Nc3 a6 6. Be3 e5 7. Nb3 Be6 8. f3 h5 9. Nd5 Bxd5 10. exd5 Nbd7 11. Qd2 g6 12. Na5 Qc7 13. Be2 Bg7 14. c4 e4 15. f4 Ng4 16. Bxg4 hxg4 17. Rc1 Nc5 18. Bxc5 dxc5 19. g3 0-0 20. Nb3 e3 21. Qe2 a5 22. Rc2 a4 23. Nc1 Qd7 24. 0-0 Bd4 25. Kh1 b5 26. b3 axb3 27. axb3 bxc4 28. bxc4 Ra3 29. f5 gxf5 30. Nd3 Rfa8 31. Nf4 Ra1 32. Rxa1 Rxa1+ 33. Kg2 Qe8 34. Qd3 Rg1+ 0-1

[Event "San Francisco TNM Fall op"]
[Site "San Francisco"]
[Date "2016.12.13"]
[Round "9"]
[White "Enkh, Tergelsar"]
[Black "Lee, Gordon S Arai"]
[Result "0-1"]
[WhiteElo "1307"]
[BlackElo "1737"]
[PlyCount "54"]
[EventDate "2016.10.18"]
[EventType "swiss"]
[EventRounds "9"]
[EventCountry "USA"]
[SourceTitle "EXT 2018"]
[Source "ChessBase"]
[SourceDate "2017.10.13"]
[SourceVersion "1"]
[SourceVersionDate "2017.10.13"]
[SourceQuality "1"]

1. e4 e6 2. d4 d5 3. Nc3 Bb4 4. e5 Ne7 5. a3 Bxc3+ 6. bxc3 c5 7. Nf3 Nbc6 8. dxc5 Ng6 9. Bb5 Qa5 10. Bxc6+ bxc6 11. Qd4 Ba6 12. Bd2 Qb5 13. c4 Qxc4 14. Qxc4 Bxc4 15. Bc3 Rb8 16. Kd2 Kd7 17. g3 Ne7 18. Ng5 h6 19. Nf3 Rb7 20. Nd4 Rhb8 21. f4 Nf5 22. Nxf5 exf5 23. Bb4 Ke6 24. Rab1 a5 25. c3 axb4 26. cxb4 Ra7 27. Ra1 Rba8 0-1

[Event "San Francisco TNM Fall op"]
[Site "San Francisco"]
[Date "2016.11.08"]
[Round "4"]
[White "Lee, Gordon S Arai"]
[Black "Donaldson, Kyle Garrett"]
[Result "1-0"]
[WhiteElo "1737"]
[BlackElo "1453"]
[PlyCount "49"]
[EventDate "2016.10.18"]
[EventType "swiss"]
[EventRounds "9"]
[EventCountry "USA"]
[SourceTitle "EXT 2018"]
[Source "ChessBase"]
[SourceDate "2017.10.13"]
[SourceVersion "1"]
[SourceVersionDate "2017.10.13"]
[SourceQuality "1"]

1. e4 e6 2. d4 d5 3. e5 c5 4. c3 Nc6 5. Nf3 Bd7 6. Be2 Qb6 7. 0-0 Nh6 8. b3 cxd4 9. cxd4 Nf5 10. Be3 Nxe3 11. fxe3 Be7 12. a3 f6 13. exf6 Bxf6 14. Nc3 0-0 15. g4 Ne7 16. g5 Nf5 17. gxf6 Nxe3 18. Qd3 Nxf1 19. Ng5 g6 20. Rxf1 Qd8 21. f7+ Kg7 22. Qg3 Qe7 23. h4 Qxa3 24. h5 Qxb3 25. h6+ 1-0

[Event "San Francisco TNM Fall op"]
[Site "San Francisco"]
[Date "2016.11.01"]
[Round "3"]
[White "Walder, Michael S"]
[Black "Lee, Gordon S Arai"]
[Result "1-0"]
[WhiteElo "2084"]
[BlackElo "1737"]
[PlyCount "69"]
[EventDate "2016.10.18"]
[EventType "swiss"]
[EventRounds "9"]
[EventCountry "USA"]
[SourceTitle "EXT 2018"]
[Source "ChessBase"]
[SourceDate "2017.10.13"]
[SourceVersion "1"]
[SourceVersionDate "2017.10.13"]
[SourceQuality "1"]

1. c4 e5 2. g3 Nf6 3. Bg2 Bc5 4. Nc3 c6 5. e3 0-0 6. Nge2 d5 7. cxd5 cxd5 8. d4 exd4 9. Nxd4 Bxd4 10. Qxd4 Nc6 11. Qh4 Ne5 12. Qd4 Nc6 13. Qa4 a6 14. 0-0 Be6 15. Rd1 b5 16. Qf4 b4 17. Ne2 Qb8 18. Qxb8 Raxb8 19. b3 Rfd8 20. Bb2 Ng4 21. Rac1 Rbc8 22. Nf4 Ne7 23. Rxc8 Rxc8 24. Rd2 Nf6 25. Bxf6 gxf6 26. Bxd5 Rd8 27. e4 Bxd5 28. Nxd5 Nxd5 29. Rxd5 Rxd5 30. exd5 Kf8 31. Kg2 Ke7 32. Kf3 Kd6 33. Ke4 f5+ 34. Kd4 f4 35. gxf4 1-0

[Event "San Francisco Benson Memorial"]
[Site "San Francisco"]
[Date "2016.08.30"]
[Round "5"]
[White "Olson, David R"]
[Black "Lee, Gordon S Arai"]
[Result "0-1"]
[WhiteElo "1400"]
[BlackElo "1737"]
[PlyCount "76"]
[EventDate "2016.08.02"]
[EventType "swiss"]
[EventRounds "9"]
[EventCountry "USA"]
[SourceTitle "EXT 2018"]
[Source "ChessBase"]
[SourceDate "2017.10.13"]
[SourceVersion "1"]
[SourceVersionDate "2017.10.13"]
[SourceQuality "1"]

1. e4 e6 2. d4 d5 3. Bd3 dxe4 4. Bxe4 Nf6 5. Bg5 Be7 6. Bf3 c6 7. Ne2 Qb6 8. b3 h6 9. Be3 Nd5 10. 0-0 Nxe3 11. fxe3 Bg5 12. c3 Bxe3+ 13. Kh1 Bg5 14. Nd2 Nd7 15. Nc4 Qc7 16. Bh5 g6 17. Bf3 b6 18. Ng3 Ba6 19. Ne4 Bxc4 20. bxc4 f5 21. Nf2 Rd8 22. Re1 Kf7 23. d5 Nc5 24. dxe6+ Nxe6 25. Qc2 Rd2 26. Qa4 Nc5 27. Qxc6 Qxc6 28. Bxc6 Rxf2 29. Bd5+ Kf6 30. Rad1 Bd2 31. Rg1 Re8 32. Bf3 Ne4 33. a4 Rxf3 34. gxf3 Nf2+ 35. Kg2 Nxd1 36. Rxd1 Bxc3 37. Rd7 a5 38. Rh7 Re2+ 0-1

[Event "San Francisco Benson Memorial"]
[Site "San Francisco"]
[Date "2016.08.16"]
[Round "3"]
[White "James, Charles"]
[Black "Lee, Gordon S Arai"]
[Result "1-0"]
[WhiteElo "1380"]
[BlackElo "1737"]
[PlyCount "42"]
[EventDate "2016.08.02"]
[EventType "swiss"]
[EventRounds "9"]
[EventCountry "USA"]
[SourceTitle "EXT 2018"]
[Source "ChessBase"]
[SourceDate "2017.10.13"]
[SourceVersion "1"]
[SourceVersionDate "2017.10.13"]
[SourceQuality "1"]

1. d4 d5 2. c4 c6 3. Nf3 Nf6 4. Nc3 e6 5. cxd5 exd5 6. Qc2 Bb4 7. Bg5 0-0 8. e3 h6 9. Bxf6 Qxf6 10. Bd3 Re8 11. 0-0 h5 12. Rfe1 g5 13. Ne5 c5 14. Nxd5 Qd6 15. Nxb4 cxb4 16. f4 f6 17. Bh7+ Kf8 18. fxg5 f5 19. Bxf5 Bxf5 20. Qxf5+ Ke7 21. Qh7+ Ke6 1-0